| 000 | 01067cas a2200349 i 4500 | ||
|---|---|---|---|
| 999 |
_c200442538 _d60750 |
||
| 003 | TR-AnTOB | ||
| 005 | 20211116143042.0 | ||
| 007 | ta | ||
| 008 | 080819c20189999tnuar p 0 0eng c | ||
| 010 | _a2008212828 | ||
| 022 | 0 | _a2574-0768 | |
| 035 | _a(OCoLC)244112197 | ||
| 040 |
_aNSD _cNSD _dNSD _dUMC _dNLGGC _dVP@ _dMUQ _dDLC _dBGZ _dTR-AnTOB _beng _erda |
||
| 041 | 0 | _aeng | |
| 042 |
_alcd _ansdp |
||
| 050 | 1 | 4 |
_aHB1 _b.A62 |
| 099 | _aJOURNAL AEA PAPE | ||
| 222 | 0 | _aAmerican Economic Association papers and proceedings. | |
| 245 | 0 | 0 |
_aAmerican Economic Association: _ppapers and proceedings. |
| 246 | 3 | 0 | _aAEA papers and proceedings. |
| 264 | 1 |
_aNashville, TN : _bAmerican Economic Association, _c2018- |
|
| 300 |
_avolumes ; _c26 cm |
||
| 310 | _ayearly | ||
| 336 |
_2rdacontent _atext _btxt |
||
| 337 |
_2rdamedia _aunmediated _bn |
||
| 338 |
_2rdacarrier _avolume _bnc |
||
| 362 | 1 | _avol. 1, no. 1 2018- | |
| 650 | 0 |
_aEconomics _vCongresses _922305 |
|
| 710 | 2 | _aAmerican Economic Association. | |
| 942 |
_2lcc _cCR _s1 |
||